| 000 | 00929nam a2200277 a 4500 | ||
|---|---|---|---|
| 001 | 25675 | ||
| 003 | CO-ViMGA | ||
| 008 | 141112s2004 ck r 000 u spa d | ||
| 020 | _a9789588366593 | ||
| 040 |
_aCO-ViMGA _bspa _cCO-ViMGA |
||
| 041 | _aSPA | ||
| 082 | 0 | 4 | _aH860.9 S15e |
| 100 | 1 |
_aSanín Cano, Baldomero, 1861 - 1957 _939490 |
|
| 245 | 1 | 0 |
_aExiste una literatura hispanoAméricana? / _cBaldomero Sanín Cano |
| 250 | _a2a ed. | ||
| 260 |
_aMedellín : _bUniversidad Autónoma Latinoaméricana UNAULA, _c2013 |
||
| 300 | _a75 p. | ||
| 490 | _aCuadernos de Cultura Latinoaméricana | ||
| 500 | _aIncluye índice. | ||
| 650 | 1 | 4 |
_aENSAYOS COLOMBIANOS _91215 |
| 650 | 1 | 4 |
_aESPAÑOL - USO - ENSAYOS _939491 |
| 650 | 1 | 4 |
_aLITERATURA HISPANOAméricaNA _91084 |
| 650 | 1 | 4 | _aLITERATURA Latinoaméricana - HISTORIA Y CRITICA |
| 651 |
_aAmérica - DESCUBRIMIENTO Y EXPLORACIONES - ENSAYOS _939492 |
||
| 942 |
_2ddc _cBK |
||
| 999 |
_c5243 _d5243 |
||